00559 2200217 4500001002100000005001500021035002000036007000300056008004100059020002200100082000800122084001400130100002300144245004200167250001100209260003900220300002800259650001400287504003100301990000900332INLIS00000000000161820180221093903 a0010-0218000213ta180221 g 0 ind  a978-979-25-4830-3 a301 a301 SIN s0 aSINDUNG, Haryanto1 aSosiologi Ekonomi /cSindung Haryanto acet. 1 aYogyakarta :bAr-Ruzz Media,c2016 a289 hlm ;c17,5 x 25 cm aSOSIOLOGI aBibliografi; hlm 261 - 279 a5593